<?xml version="1.0" encoding="UTF-8"?><?xml-stylesheet type="text/xsl" href="static/style.xsl"?><OAI-PMH xmlns="http://www.openarchives.org/OAI/2.0/" xmlns:xsi="http://www.w3.org/2001/XMLSchema-instance" xsi:schemaLocation="http://www.openarchives.org/OAI/2.0/ http://www.openarchives.org/OAI/2.0/OAI-PMH.xsd"><responseDate>2026-04-27T01:59:09Z</responseDate><request verb="GetRecord" identifier="oai:repisalud.isciii.es:20.500.12105/18452" metadataPrefix="marc">https://repisalud.isciii.es/rest/oai/request</request><GetRecord><record><header><identifier>oai:repisalud.isciii.es:20.500.12105/18452</identifier><datestamp>2024-11-28T15:11:43Z</datestamp><setSpec>com_20.500.12105_15322</setSpec><setSpec>com_20.500.12105_2051</setSpec><setSpec>col_20.500.12105_16927</setSpec></header><metadata><record xmlns="http://www.loc.gov/MARC21/slim" xmlns:dcterms="http://purl.org/dc/terms/" xmlns:doc="http://www.lyncode.com/xoai" xmlns:xsi="http://www.w3.org/2001/XMLSchema-instance" xsi:schemaLocation="http://www.loc.gov/MARC21/slim http://www.loc.gov/standards/marcxml/schema/MARC21slim.xsd">
   <leader>00925njm 22002777a 4500</leader>
   <datafield ind2=" " ind1=" " tag="042">
      <subfield code="a">dc</subfield>
   </datafield>
   <datafield ind2=" " ind1=" " tag="720">
      <subfield code="a">Diaz-Cordovés Rego, Gisela</subfield>
      <subfield code="e">author</subfield>
   </datafield>
   <datafield ind2=" " ind1=" " tag="720">
      <subfield code="a">Núñez-Cuadros, Esmeralda</subfield>
      <subfield code="e">author</subfield>
   </datafield>
   <datafield ind2=" " ind1=" " tag="720">
      <subfield code="a">Mena-Vázquez, Natalia</subfield>
      <subfield code="e">author</subfield>
   </datafield>
   <datafield ind2=" " ind1=" " tag="720">
      <subfield code="a">Aguado Henche, Soledad</subfield>
      <subfield code="e">author</subfield>
   </datafield>
   <datafield ind2=" " ind1=" " tag="720">
      <subfield code="a">Galindo-Zavala, Rocío</subfield>
      <subfield code="e">author</subfield>
   </datafield>
   <datafield ind2=" " ind1=" " tag="720">
      <subfield code="a">Manrique-Arija, Sara</subfield>
      <subfield code="e">author</subfield>
   </datafield>
   <datafield ind2=" " ind1=" " tag="720">
      <subfield code="a">Martín-Pedraz, Laura</subfield>
      <subfield code="e">author</subfield>
   </datafield>
   <datafield ind2=" " ind1=" " tag="720">
      <subfield code="a">Redondo-Rodríguez, Rocio</subfield>
      <subfield code="e">author</subfield>
   </datafield>
   <datafield ind2=" " ind1=" " tag="720">
      <subfield code="a">Godoy-Navarrete, Francisco Javier</subfield>
      <subfield code="e">author</subfield>
   </datafield>
   <datafield ind2=" " ind1=" " tag="720">
      <subfield code="a">Fernández-Nebro, Antonio</subfield>
      <subfield code="e">author</subfield>
   </datafield>
   <datafield ind2=" " ind1=" " tag="260">
      <subfield code="c">2021-08-31</subfield>
   </datafield>
   <datafield ind2=" " ind1=" " tag="520">
      <subfield code="a">Objective: To identify factors associated with the higher proportion of fatty tissue and overweight/obesity observed in patients with juvenile idiopathic arthritis (JIA). Patients and methods: We performed a cross-sectional study of 80 JIA patients aged 4–15 years with 80 age- and sex-matched healthy controls. Body composition was assessed using dual-energy x-ray absorptiometry. The 27-joint Juvenile Arthritis Disease Activity score (JADAS27) was calculated. Two multivariate models were constructed to identify factors associated with overweight/obesity and fat mass index (FMI). Results: No differences were found between cases and controls in body mass index (BMI) or body composition. However, compared with controls, patients with a high inflammatory activity (JADAS27 > 4.2 for oligoarticular JIA or >8.5 for polyarticular disease) had higher values for BMI (p = 0.006); total fat mass (p = 0.003); FMI (p = 0.001); and fat in the legs (p = 0.001), trunk (p = 0.001), and arms (p = 0.002). The factors associated with overweight/obesity in patients were the duration of therapy with biological drugs, measured in months (OR [95% CI] = 1.12 [1.02–1.04]; p = 0.037), and physical activity (OR [95% CI] = 0.214 [0.07–0.68]; p = 0.010), while the factors associated with FMI were age (β [95% CI] = 0.30 [0.17–1.41]; p = 0.014), JADAS27 (β [95% CI] = 0.45 [0.16–1.08]; p = 0.009), and physical activity (β [95% CI] = −0.22 [−5.76 to 0.29]; p = 0.031). Conclusion: Our study revealed no differences between JIA patients with well-controlled disease and low disability and the healthy population in BMI or body composition. Furthermore, the association observed between inflammatory activity and adiposity could be responsible for poorer clinical course.</subfield>
   </datafield>
   <datafield ind1="8" ind2=" " tag="024">
      <subfield code="a">http://hdl.handle.net/10668/4274</subfield>
   </datafield>
   <datafield ind1="8" ind2=" " tag="024">
      <subfield code="a">http://hdl.handle.net/20.500.12105/18452</subfield>
   </datafield>
   <datafield ind1="8" ind2=" " tag="024">
      <subfield code="a">34501396</subfield>
   </datafield>
   <datafield ind1="8" ind2=" " tag="024">
      <subfield code="a">10.3390/jcm10173949</subfield>
   </datafield>
   <datafield ind1="8" ind2=" " tag="024">
      <subfield code="a">2077-0383</subfield>
   </datafield>
   <datafield ind1="8" ind2=" " tag="024">
      <subfield code="a">Journal of Clinical Medicine</subfield>
   </datafield>
   <datafield tag="653" ind2=" " ind1=" ">
      <subfield code="a">Juvenile idiopathic arthritis</subfield>
   </datafield>
   <datafield tag="653" ind2=" " ind1=" ">
      <subfield code="a">Adiposity</subfield>
   </datafield>
   <datafield tag="653" ind2=" " ind1=" ">
      <subfield code="a">Inflammatory disease activity</subfield>
   </datafield>
   <datafield tag="653" ind2=" " ind1=" ">
      <subfield code="a">Body mass index</subfield>
   </datafield>
   <datafield tag="653" ind2=" " ind1=" ">
      <subfield code="a">Dual-energy x-ray absorptiometry</subfield>
   </datafield>
   <datafield tag="653" ind2=" " ind1=" ">
      <subfield code="a">Overweight</subfield>
   </datafield>
   <datafield tag="653" ind2=" " ind1=" ">
      <subfield code="a">Obesity</subfield>
   </datafield>
   <datafield tag="653" ind2=" " ind1=" ">
      <subfield code="a">Body composition</subfield>
   </datafield>
   <datafield tag="653" ind2=" " ind1=" ">
      <subfield code="a">Artritis juvenil</subfield>
   </datafield>
   <datafield tag="653" ind2=" " ind1=" ">
      <subfield code="a">Adiposidad</subfield>
   </datafield>
   <datafield tag="653" ind2=" " ind1=" ">
      <subfield code="a">Índice de masa corporal</subfield>
   </datafield>
   <datafield tag="653" ind2=" " ind1=" ">
      <subfield code="a">Absorciometría de fotón</subfield>
   </datafield>
   <datafield tag="653" ind2=" " ind1=" ">
      <subfield code="a">Sobrepeso</subfield>
   </datafield>
   <datafield tag="653" ind2=" " ind1=" ">
      <subfield code="a">Obesidad</subfield>
   </datafield>
   <datafield tag="653" ind2=" " ind1=" ">
      <subfield code="a">Composición corporal</subfield>
   </datafield>
   <datafield ind2="0" ind1="0" tag="245">
      <subfield code="a">Adiposity Is Related to Inflammatory Disease Activity in Juvenile Idiopathic Arthritis</subfield>
   </datafield>
</record></metadata></record></GetRecord></OAI-PMH>